000 00673nam a22001937a 4500
999 _c169714
_d169714
005 20191202103530.0
010 _aUR-10639
020 _c150.00
_a9789389002621
035 _aU-9194
037 _bDBAD/PUB
_a-
082 _aک
100 _aمجير ا حمد آ ز ا د
245 _aکلا س ٹا پر (ا فسا نے )
_cمجير ا حمد آ ز ا د
246 _bClass Topper(A Collection of Short Stories) (Urdu)
_aby Mujeer Ahmed Azad
260 _aDelhi
_bEducational Publishing House
_c2019 ء
270 _a3191,Vakil Street, Kucha Pandit,Lal Kuan,
_bDelhi
_e110006
_k01123216162
_l-
300 _a104 ص
_c22 Cm(Hb)
942 _2ddc
_cUR
_hک
_mم ج ی